Mackay v Crofters Commission (Record no. 48630)

MARC details
000 -LEADER
fixed length control field 00831cab a2200205 4500
001 - CONTROL NUMBER
control field X77351
008 - FIXED-LENGTH DATA ELEMENTS--GENERAL INFORMATION
fixed length control field 090401t1997 xxu||||| |||| 00| 0 eng d
035 ## - SYSTEM CONTROL NUMBER
System control number (Sirsi) u77351
041 ## - LANGUAGE CODE
Language code of text/sound track or separate title eng
245 ## - TITLE STATEMENT
Title Mackay v Crofters Commission
260 ## - PUBLICATION, DISTRIBUTION, ETC.
Date of publication, distribution, etc. 1997
350 ## - PRICE (NR) (BK AM CF MU VM SE) [OBSOLETE]
Price 0
490 ## - SERIES STATEMENT
Series statement Scots Law Times
Volume/sequential designation (1997) SLT(Land Ct)4-7(4)
520 ## - SUMMARY, ETC.
Summary, etc. Scottish Land Court. Lord Philip, D D McDiarmid, D M MacDonald. 16 May 1996. Landlord and tenant - croft- decrofting direction - croft not vacant at date of application - proposed use of part of croft for growing trees and plants - reasonable purpose - whether purpose clear - competency - Crofters (Scotland) Act 1993.
650 ## - SUBJECT ADDED ENTRY--TOPICAL TERM
Topical term or geographic name entry element CROFTERS (SCOTLAND) ACT 1993
650 ## - SUBJECT ADDED ENTRY--TOPICAL TERM
Topical term or geographic name entry element CROFTING
690 ## - LOCAL SUBJECT ADDED ENTRY--TOPICAL TERM (OCLC, RLIN)
Topical term or geographic name as entry element LANDLORD AND TENANT-AGRICULTURAL TENANCIES
942 ## - ADDED ENTRY ELEMENTS (KOHA)
Suppress in OPAC 0
948 ## - LOCAL PROCESSING INFORMATION (OCLC); SERIES PART DESIGNATOR (RLIN)
c (OCLC) 25/03/1997
Holdings
Withdrawn status Lost status Source of classification or shelving scheme Damaged status Not for loan Home library Current library Shelving location Date acquired Total Checkouts Full call number Barcode Date last seen Copy number Price effective from Koha item type
    Other/Generic Classification Scheme     London London Journal article 14/09/1999   X77351 77351-1001 06/08/2019 1 06/08/2019 Law report